000 00808nam a22001815i 4500
001 164729
003 ES-MaACL
005 20230906213006.0
008 020403s1886 sp |||| | spa d
040 _aEXT
_bspa
_cEXT
100 1 _aSant Lucía y Amaya, José.
_9132419
245 1 0 _aSermones en honor de Santa Rita de Casia
_b: predicados en su solemne novena y ante su real y muy ilustre asociación de la Iglesia del Carmen Calzado de esta corte, hoy Parroquia de Santa Cruz /
_cpor ... José Santa Lucía y Amaya.
260 _aMadrid :
_b[s.n.],
_c1886 (
_fEstab. Tip. de E. Cuesta, á cargo de J. Giráldez)
300 _a55 p. ;
_c22 cm.
700 1 1 _aCuesta, Eduardo,
_eimp.
_9126659
752 _aEspaña -
_dMadrid
852 _aES-MaACL
_jT-465-F-10
_z-- Enc. hol.
_z-- Enc. en un vol. facticio
999 _c164729
_d164729